Statistics for Lyrics of The NEW Periodic Table Song (AsapSCIENCE 2014 ver.)

Click here to take the quiz!

General Stats

  • This quiz has been taken 3,004 times
  • The average score is 16 of 57

Answer Stats

HintAnswer% Correct
______ Hydrogen and HeliumThere's
96%
Boron, Carbon ______everywhere
74%
Nitrogen all ______ ______ ______through the air
71%
______ Lithium, BerylliumThen
70%
With Oxygen so you can ______breathe
69%
Neon to ______ ______ the signslight up
69%
And Fluorine for your ______ ______pretty teeth
68%
Sodium for ______ timessalty
68%
Magnesium, Aluminium, ______Silicon
61%
Potassium, and Calcium so you'll ______ ______grow strong
56%
This is ______ ______ ______the Periodic Table
54%
______ ______ is stableNoble gas
53%
______, then Sulfur, Chlorine and ArgonPhosphorus
51%
Scandium, Titanium, Vanadium and Chromium and ______Manganese
44%
While ______ are added moving to the rightelectrons
41%
Halogens and Alkali react ______aggressively
39%
Iron is the ______26th
38%
Then Cobalt, Nickel ______ you getcoins
37%
Each period will see new ______ ______outer shells
37%
Copper, Zinc and ______Gallium
32%
______ and ArsenicGermanium
32%
While Krypton helps light up ______ ______your room
32%
Barium is 56 and this is where the ______ ______table splits
29%
Where Lanthanides have just ______begun
27%
Selenium and Bromine ______film
23%
Rubidium and Strontium then _____, ZirconiumYttrium
22%
Niobium, Molybdenum, ______Technetium
20%
Ruthenium, ______, PalladiumRhodium
19%
Platinum, Gold to ______ ______ ______ till you grow oldmake you rich
18%
Mercury to tell you when it's ______ ______really cold
18%
______ then Cadmium and IndiumSilver-ware
17%
______, Antimony then Tellurium and Iodine and Xenon and thenTin-cans
16%
Thallium and Lead then Bismuth for your ______tummy
16%
And then ______ ______!!we're done
16%
Polonium, Astatine would not be ______yummy
16%
Lanthanum, Cerium and ______Praseodymium
15%
______ ______...Caesium and
14%
Radon, Francium will last _____ _____ timea little
13%
Samarium, ______, Gadolinium and TerbiumEuropium
12%
Promethium, then ______62's
10%
Rhenium, Osmium and ______Iridium
10%
Ytterbium, _____Lutetium
10%
______ next tooNeodymium's
10%
Uranium, Neptunium, ______Plutonium
10%
Hafnium, Tantalum, Tungsten then _____ _____ towe're on
10%
Radium then ______ ______ ______Actinides at 89
9%
Dysprosium, Holmium, ______, ThuliumErbium
9%
Actinium, Thorium, ______Protactinium
8%
______, Einsteinium, FermiumCalifornium
7%
Americium, ______, BerkeliumCurium
7%
______, UnunoctiumUnunseptium
7%
Ununtrium, ______Flerovium
6%
Ununpentium, ______Livermorium
6%
Mendelevium, ______, LawrenciumNobelium
6%
Darmstadtium, Roentgenium, ______Copernicium
5%
______, Dubnium, SeaborgiumRutherfordium
5%
Bohrium, ______ ______ MeitneriumHassium then
3%

Score Distribution

Percentile by Number Answered

Percent of People with Each Score

Your Score History

You have not taken this quiz